000 nam a22 a 4500
999 _c346815
_d346815
003 BLK
005 20221008122654.0
008 191127b bu ||||| |||| 00| 0 bu d
020 _a9789542711292
040 _aBLK
041 _aBUL
_cBUL
080 _aЗанимания в предучилищна възраст
_b372.3
_z372.3
139 _aСкоро на училище 2
_bС 40
245 _aСкоро на училище 2
250 _a1. допеч.
260 _9209434
_aСофия
_bЕгмонт България
_c2015
300 _a16 с.
_bс ил.
_c28 см
380 _aDN
490 _9208147
_aМаша и мечока
_v2
942 _cKNG
_n0
_s1
_01
944 _aCR
_c2019-11-27
_kВ.Р.
999 _d346815
999 _d346815
999 _d346814